| 000 | 00987nam a22002177a 4500 | ||
|---|---|---|---|
| 005 | 20240530110554.0 | ||
| 008 | 160808s2013 xxubf f b 000 0 ara d | ||
| 017 |
_a2013/26 _bليبيا . دار الكتب الوطنية |
||
| 020 | _a9789959631176 | ||
| 040 | _aEG-CaGPL | ||
| 082 | 0 | 4 |
_221 _a953.072\ _bم ت |
| 100 | 0 | _aمريم محمد عبدالله جبوده | |
| 245 | 1 | 2 |
_aالتجارة فى افريقية و طرابلس الغرب خلال العصرين الموحدى و الحفصى : _b(555 - 915 هـ / 1160 - 1510 م ) / _cاعداد مريم محمد عبدالله جبوده |
| 250 | _aط. 1 | ||
| 260 |
_aبنغازى : _bجامعة الزاوية ، _c2013 . |
||
| 300 |
_a351 ص. : _bخرائط ، صور ؛ _c24 سم + _eملاحق . |
||
| 504 | _aيشتمل على ارجاعات ببليوجرافية | ||
| 651 | 0 | 4 |
_aتونيس _xتاريخ _yالعصر الاسلامى |
| 651 | 0 | 4 |
_aليبيا _xتاريخ _yالعصر الاسلامى |
| 942 |
_2ddc _cBK |
||
| 999 |
_c62527 _d62527 |
||